000 00933cab a2200301 4500
001 WB3111-05
008 090401t1995 xxu||||| |||| 00| 0 eng d
035 _a(Sirsi) u29070
041 _aeng
100 _aMason, P.
245 _aCare in the community
260 _c1995
350 _a0
490 _aCSM (Chartered Surveyor Monthly)
_v4(5) March 1995, 29(1)
520 _aGives guidance on dealing with building regulations under the government`s care in the community programme.
650 _aAPPRAISAL OF EXISTING STRUCTURES 1980
650 _aAPPROVED DOCUMENT B
650 _aBRE DIGEST 366
650 _aBUILDING REGULATIONS
_96224
650 _aCARE IN THE COMMUNITY
650 _aCOMMUNITY CARE
650 _aINSTITUTION OF STRUCTURAL ENGINEERS
650 _aINSTITUTIONS
650 _aMATERIAL CHANGE OF USE
690 _aBUILDING AND CONSTRUCTION-REGULATIONS
942 _n0
948 _c04/03/1997
999 _c19567
_d19567